[Event "21st Alekhine FIDE 2017"]
[Site "Voronezh"]
[Date "2017.06.14"]
[Round "3"]
[White "Yashmetov, Nikolay"]
[Black "Garafutdinov, Ainur"]
[Result "1/2-1/2"]
[WhiteElo "2127"]
[BlackElo "1998"]
[Annotator "TA"]
[PlyCount "140"]
[EventDate "2017.??.??"]
[EventType "swiss"]
[EventCountry "RUS"]
[SourceTitle "playchess.com"]
[Source "ChessBase"]
[SourceQuality "1"]

{[%evp 18,140,20,21,20,10,38,23,38,50,58,63,101,100,108,111,216,187,182,176,187,62,87,73,62,58,83,46,61,40,64,54,50,42,62,19,27,46,70,43,51,32,122,124,300,264,492,497,491,494,479,483,427,84,89,92,104,101,119,55,54,30,37,27,120,134,137,0,0,0,0,0,0,-10,33,35,77,0,0,0,20,-22,0,0,5,5,10,13,31,10,15,0,0,0,52,42,50,52,87,35,50,29,45,0,0,-8,-8,-8,-8,-8,-8,-8,0,-8,-8,-8,-13,-14,-8,-8,-8,-8,-8,-8,-8]} 1. e4 e5 2. Nf3 Nc6 3. Bb5 Nf6 4. O-O Nxe4 5. Re1 Nd6 6. Nxe5 Be7 7. Bf1 Nxe5 8. Rxe5 O-O 9. d4 {[%cal Bd2d4,Bd4d5][%mdl 32]} Bf6 10. Re1 {LiveBook: 451 Games} Nf5 {C67: Ruy Lopez: Berlin Defence: 4 0-0 Nxe4} (10... Re8 11. c3 Rxe1 12. Qxe1 Ne8 13. Bf4 d5 14. Bd3 g6 15. Nd2 c6 16. Nf3 Ng7 17. Qe2 Bf5 18. Bxf5 Nxf5 {½-½ (64) Topalov,V (2741)-So,W (2822) Shamkir 2017}) 11. d5 g6 12. Nd2 d6 {White has an edge.} 13. Ne4 Be7 $146 ({Predecessor:} 13... Bg7 14. Bg5 f6 15. Bf4 a5 16. Qd3 Bd7 17. c4 b6 18. Rad1 {1-0 (55) Munguntuul,B (2410)-Ambarcumova,K (2332) Moscow 2011}) 14. b3 c6 15. Bb2 cxd5 16. Qxd5 Rb8 (16... Be6 $16 {is a better defense.} 17. Qxb7 d5) 17. Rad1 {Threatens to win with g4.} Be6 18. Qd3 {g4 is the strong threat.} d5 19. Qc3 (19. g4 $18 Nh4 20. Qc3) 19... d4 $14 20. Qd2 Rc8 21. Bd3 a5 22. a3 Re8 23. Bb5 Rf8 24. Qe2 Qc7 25. Bd3 Rfd8 26. g3 h6 27. Bc1 Kh7 28. Qf1 Nd6 29. Bf4 Qb6 {[#]} (29... Qc6 $1 $14) 30. Nd2 $1 $16 Qc5 $2 (30... Re8 $16) 31. Re5 Qc7 $2 (31... Qc6 {was called for.} 32. Rde1 (32. Rxa5 Bf6 $16) 32... Nf5) 32. Rde1 $18 Qd7 {[#]} 33. Rxe6 $1 {[%mdl 512]} fxe6 (33... Qxe6 34. Rxe6) 34. Qh3 Nf7 35. Qxe6 $2 (35. Rxe6 $18 {and White stays clearly on top.} Bg5 36. Bxg6+ Kg7 37. Bf5) 35... Qxe6 $16 36. Rxe6 Bg5 37. Bxg5 hxg5 38. Re7 ({Resist} 38. Rxg6 $6 Ne5 $14) (38. Nc4 $16) 38... Kg7 $1 $14 39. Bc4 Rf8 40. Nf3 Kf6 (40... b5 $1 $11 41. Bxb5 Rxc2) 41. Re6+ $16 ({But not} 41. Rxb7 $6 Nd6 $14) 41... Kg7 42. Nxd4 (42. Bd3 $16) 42... Rfd8 $11 43. Nb5 {And now Re7 would win.} Rd7 44. Kg2 Rc6 45. Re2 Rf6 46. Nc3 Nd6 {[#]} 47. Nd5 (47. Bd3 $1 $16) 47... Rf8 48. Nb6 Rc7 49. Re5 Nxc4 50. Nxc4 {[%mdl 4096] Endgame KRR-KRN} Rf5 {Strongly threatening ...Rxe5.} (50... b5 $5 {[%cal Rb5c4]} 51. Rxb5 Rcf7 $11) 51. Re2 {Hoping for Nd6.} Kf8 52. a4 Rfc5 53. Re6 R5c6 54. Rxc6 (54. Re5 {feels hotter.} Rc5 55. Re4 Re7 56. Rd4 b5 57. axb5 Rxb5 58. Ne3) 54... Rxc6 55. Nxa5 {KR-KN} Rc7 (55... Rxc2 $11 56. Nxb7 Rc3) 56. Nc4 $14 Kf7 57. Kf3 Re7 58. Ne3 (58. h3 $16) 58... Rd7 59. Ke2 Ke6 60. c4 Ke5 {The position is equal.} 61. b4 Kd4 62. a5 Rh7 63. b5 Rxh2 64. Kf3 Kc5 (64... g4+ $5 65. Nxg4 Rh7 $11) 65. Ng4 Rh8 66. a6 bxa6 67. bxa6 Kd4 68. Ne3 Rf8+ 69. Kg4 Rxf2 70. Nd5 Ra2 {Precision: White = 43%, Black = 40%.} 1/2-1/2

[Event "21st Alekhine FIDE 2017"]
[Site "Voronezh"]
[Date "2017.06.14"]
[Round "3"]
[White "Kondaurov, Yury"]
[Black "Sokolovsky, Victor"]
[Result "1-0"]
[WhiteElo "2046"]
[BlackElo "1896"]
[Annotator "NA RC"]
[PlyCount "93"]
[EventDate "2017.??.??"]
[EventType "swiss"]
[EventCountry "RUS"]
[SourceTitle "playchess.com"]
[Source "ChessBase"]
[SourceQuality "1"]
[TimeControl "40/5400+30:1800+30"]

{[%evp 8,93,28,24,16,9,0,32767,32767,0,32767,32767,14,6,43,0,38,-4,24,29,66,52,32767,32767,32767,32767,32767,33,102,62,346,297,350,387,452,487,497,491,425,433,443,439,465,329,288,188,174,151,195,204,484,614,621,245,378,272,32767,405,410,417,428,409,410,428,937,303,339,324,1527,328,1310,461,569,618,1507,1344,1638,1796,1753,1233,906,1245,2275,2538,6808,1047,942,1270]} 1. Nf3 {[%emt 0:00:00]} d5 {[%emt 0:01:21]} 2. c4 {[%emt 0:00:00]} e6 {[%emt 0:00:44]} 3. g3 {[%emt 0:00:12]} Nf6 {[%emt 0:00:20]} 4. Bg2 {[%emt 0:00:01]} Be7 {[%emt 0:01:33]} 5. O-O {[%emt 0:00:19]} O-O {[%emt 0:00:14]} 6. b3 {[%emt 0:00:06]} c5 {[%emt 0:01:00] LiveBook: 1504 Games} 7. Bb2 {[%emt 0:01:01]} Nc6 {[%emt 0:00:29]} 8. e3 {[%emt 0:00:22]} Qc7 {[%emt 0:02:58]} 9. Nc3 {[%emt 0:00:15]} Rd8 {[%emt 0:01:40] A14: English Opening: 1...e6 with b3 by White} 10. Qe2 {[%emt 0:01:21]} a6 {[%emt 0:01:13]} (10... b6 11. Rac1 dxc4 12. bxc4 Bb7 13. Rfd1 Rac8 14. d4 cxd4 15. exd4 Ba6 16. Nb5 Qb8 17. a4 Bb7 18. d5 exd5 19. Ne5 Na5 20. Bh3 dxc4 21. Nd7 Nxd7 22. Qxe7 {0-1 (37) Sambuev,B (2523)-Dervishi,E (2538) Istanbul 2012}) 11. d3 {[%emt 0:01:04]} b6 {[%emt 0:01:46]} 12. Rfd1 {[%emt 0:00:42]} Bb7 {[%emt 0:00:29]} 13. cxd5 {[%emt 0:00:11]} exd5 {[%emt 0:01:13]} 14. d4 {[%emt 0:00:19]} Rac8 $146 {[%emt 0:04:37]} ({Predecessor:} 14... b5 15. dxc5 Bxc5 16. Rac1 Qb6 17. Ng5 Ne7 18. Nb1 {½-½ (18) Dobos,J (2272)-Dudas,E (2253) Hungary 2012}) 15. dxc5 {[%emt 0:00:36]} Bxc5 {[%emt 0:05:11]} 16. Rac1 {[%emt 0:01:01]} Qe7 {[%emt 0:01:00]} 17. Na4 {[%emt 0:02:30]} Ne4 {[%emt 0:01:52]} (17... d4 $1 $11 {keeps the balance.}) 18. Nh4 {[%emt 0:11:27]} Ne5 $2 {[%emt 0:08:14]} (18... g6 $16) 19. Nxc5 {[%emt 0:01:29]} bxc5 {[%emt 0:02:24]} 20. f4 {[%emt 0:00:48]} Ng6 {[%emt 0:16:15]} 21. Nf5 $1 {[%emt 0:01:25]} Qc7 {[%emt 0:03:26]} 22. Bxe4 {[%emt 0:02:37]} dxe4 {[%emt 0:00:15]} 23. Nxg7 {[%emt 0:00:36]} Rd3 {[%emt 0:03:13]} 24. Nf5 {[%emt 0:04:57]} Rcd8 {[%emt 0:01:20]} 25. Nh6+ {[%emt 0:01:18]} Kf8 {[%emt 0:00:16]} 26. Qc2 {[%emt 0:01:00]} Qd6 {[%emt 0:07:12]} 27. Re1 {[%emt 0:06:17]} Ne7 {[%emt 0:08:16]} 28. Ng4 {[%emt 0:01:13]} Rd2 $2 {[%emt 0:04:38]} (28... f5 {is a better chance.}) 29. Qc3 {[%emt 0:00:18]} Qg6 {[%emt 0:01:00]} 30. Nf2 $2 {[%emt 0:05:18]} (30. Qh8+ Ng8 31. Rxc5 Rxb2 32. Qxb2) 30... Qh6 {[%emt 0:01:25]} (30... f6 $142 31. Ba3 (31. Qxf6+ Qxf6 32. Bxf6 Rxa2 $18) 31... R2d7 32. Bxc5 Kg7) 31. Qh8+ {[%emt 0:06:50]} Ng8 {[%emt 0:00:16]} 32. Ba3 {[%emt 0:00:31]} f6 {[%emt 0:03:56]} 33. Rxc5 {[%emt 0:01:18]} Kf7 {[%emt 0:02:17]} 34. Rc7+ {[%emt 0:00:45]} R8d7 {[%emt 0:02:32]} 35. Rec1 {[%emt 0:02:48]} Qh5 {[%emt 0:01:17]} (35... Qg7 $142 36. Qxg7+ Kxg7) 36. Rxd7+ $2 {[%emt 0:00:41]} (36. Bb4 R2d5 37. R1c5) 36... Rxd7 {[%emt 0:00:08]} 37. g4 {[%emt 0:00:34]} Qh4 $2 {[%emt 0:02:13]} (37... Qg6 38. Rc4 h5 39. Qxh5 Qxh5 40. gxh5 f5) 38. Rc2 $2 {[%emt 0:01:58]} (38. Rc5 a5 39. Rh5 Qxh5 40. gxh5) 38... a5 $2 {[%emt 0:04:42]} (38... Qh6 39. h3 Qg7 40. Qxg7+ Kxg7) 39. Bb2 {[%emt 0:03:14]} (39. Rc5 $142) 39... Ba6 {[%emt 0:02:12]} 40. Kg2 {[%emt 0:05:15]} (40. g5 {[#] leads to mate.} Rd1+ $1 {[%mdl 512]} 41. Kg2 Bf1+ 42. Kh1 Bh3+ 43. Nxd1 Qe1#) 40... Kf8 {[%emt 0:31:30]} 41. h3 {[%emt 0:30:45]} Kf7 {[%emt 0:02:22]} 42. g5 {[%emt 0:08:27]} Qh5 {[%emt 0:03:18]} 43. gxf6 {[%emt 0:01:24]} Qg6+ {[%emt 0:01:11]} 44. Kh2 {[%emt 0:00:37]} Ke8 {[%emt 0:00:38]} 45. Ng4 {[%emt 0:00:53]} h5 {[%emt 0:00:43]} 46. Ne5 $18 {[%emt 0:01:21]} Qh7 {[%emt 0:00:22]} 47. Nxd7 {[%emt 0:01:24]} 1-0

[Event "21st Alekhine FIDE 2017"]
[Site "Voronezh"]
[Date "2017.06.14"]
[Round "3"]
[White "Filippov, Ivan"]
[Black "Buyukli, Egor"]
[Result "1/2-1/2"]
[WhiteElo "2041"]
[BlackElo "1749"]
[Annotator "NA"]
[PlyCount "69"]
[EventDate "2017.??.??"]
[EventType "swiss"]
[EventCountry "RUS"]
[SourceTitle "playchess.com"]
[Source "ChessBase"]
[SourceQuality "1"]
[TimeControl "40/5400+30:1800+30"]

{[%evp 8,69,42,25,32767,58,57,54,59,48,64,39,46,40,50,41,40,54,56,39,109,57,61,49,62,30,64,59,77,77,76,58,83,87,64,67,70,60,71,70,71,13,9,0,0,0,0,0,15,0,0,0,0,0,0,-6,0,0,5,0,7,0,0,0]} 1. d4 {[%emt 0:00:00]} Nf6 {[%emt 0:00:39]} 2. c4 {[%emt 0:00:45]} g6 {[%emt 0:00:10]} 3. Nc3 {[%emt 0:00:32]} Bg7 {[%emt 0:00:17]} 4. e4 {[%emt 0:01:29]} O-O {[%emt 0:00:47]} 5. f3 {[%emt 0:01:42]} c6 {[%emt 0:00:57]} 6. Bd3 {[%emt 0:01:33] E70: King's Indian: Miscellaneous lines with 4 e4, including 5 Nge2 and 5 Bd3 0-0 6 Nge2} d5 {[%emt 0:00:53] LiveBook: 3 Games} 7. cxd5 {[%emt 0:01:43]} cxd5 {[%emt 0:00:08]} 8. e5 {[%emt 0:00:05]} Ne8 {[%emt 0:04:41]} 9. Nge2 {[%emt 0:04:37]} f6 $146 {[%emt 0:13:05]} ({Predecessor:} 9... Nc6 10. O-O f6 11. f4 Nc7 12. Be3 fxe5 13. fxe5 Rxf1+ 14. Qxf1 {½-½ (31) Van der Sterren,P (2475)-Rogers,I (2545) Sydney 1991}) 10. f4 {[%emt 0:02:26]} fxe5 {[%emt 0:00:05]} 11. dxe5 {[%emt 0:00:05]} Nc7 {[%emt 0:07:16]} 12. O-O {[%emt 0:01:36]} Nc6 {[%emt 0:01:51]} 13. Be3 {[%emt 0:12:08]} e6 {[%emt 0:09:01]} (13... Bh6 $14) 14. Nb5 {[%emt 0:01:37]} (14. Nd4 $16) 14... Nxb5 {[%emt 0:07:33]} 15. Bxb5 {[%emt 0:00:03]} Bd7 {[%emt 0:01:18]} 16. Bd3 {[%emt 0:06:30]} (16. Bxc6 $5 Bxc6 17. Nd4 $14) 16... Rc8 {[%emt 0:04:16]} 17. a3 {[%emt 0:01:16]} Qe7 {[%emt 0:04:59]} 18. b4 {[%emt 0:00:42]} b6 {[%emt 0:00:07]} 19. Ba6 {[%emt 0:02:57]} Rc7 {[%emt 0:00:15]} 20. Rc1 {[%emt 0:00:47]} Bc8 {[%emt 0:00:15]} 21. Bb5 {[%emt 0:02:12]} Bb7 {[%emt 0:00:38]} 22. Qd2 {[%emt 0:15:58]} Rfc8 {[%emt 0:04:17]} 23. Rc3 {[%emt 0:04:10]} Qd8 {[%emt 0:09:10]} 24. Bxc6 {[%emt 0:13:37]} (24. Ba4 $16) 24... Rxc6 {[%emt 0:00:56]} 25. Rxc6 {[%emt 0:00:48]} Bxc6 {[%emt 0:01:19]} 26. Nd4 {[%emt 0:01:05]} Bd7 {[%emt 0:00:15]} 27. Rc1 {[%emt 0:00:09]} Rc7 {[%emt 0:00:49]} 28. Rxc7 {[%emt 0:04:36]} Qxc7 {[%emt 0:00:07]} 29. Qc2 {[%emt 0:00:04]} Qxc2 {[%emt 0:01:17]} 30. Nxc2 {[%emt 0:00:01]} Kf7 {[%emt 0:01:12]} (30... g5 $5) 31. Kf2 {[%emt 0:04:01]} Bf8 {[%emt 0:03:52]} (31... g5 $5) 32. Bd2 {[%emt 0:00:36]} Ba4 {[%emt 0:02:20]} (32... a5 $5) 33. Nd4 {[%emt 0:00:24]} a5 {[%emt 0:04:12]} 34. Bc3 {[%emt 0:00:41]} axb4 $11 {[%emt 0:00:30]} 35. axb4 1/2-1/2

[Event "21st Alekhine FIDE 2017"]
[Site "Voronezh"]
[Date "2017.06.14"]
[Round "3"]
[White "Napalkov, Vladimir"]
[Black "Ponomariov, Timur"]
[Result "0-1"]
[WhiteElo "2031"]
[BlackElo "2196"]
[Annotator "TA"]
[PlyCount "110"]
[EventDate "2017.??.??"]
[EventType "swiss"]
[EventCountry "RUS"]
[SourceTitle "playchess.com"]
[Source "ChessBase"]
[SourceQuality "1"]

{[%evp 18,110,25,16,28,27,41,34,94,60,74,70,168,160,170,157,222,192,189,196,191,93,139,102,88,83,86,52,56,58,58,67,63,53,80,0,33,0,0,0,79,-20,0,0,0,0,0,-24,0,-2,0,0,0,0,0,0,0,0,0,0,0,0,0,0,0,-452,-445,-431,-408,-437,-422,-422,-422,-408,-408,-408,-401,-393,-393,-386,-379,-6395,-1110,-12836,-12836,-12835,-12830,-29985,-29986,-29988,-29988,-29990,-29991,-29992,-29993]} 1. d4 {[%cal Bd2d4,Bd4e5][%mdl 32]} Nf6 2. c4 e5 3. dxe5 Ng4 4. Nf3 Bc5 5. e3 Nc6 6. Be2 O-O 7. O-O Ngxe5 8. Nxe5 Nxe5 9. Nc3 Re8 10. Kh1 a5 {A52: Budapest Gambit} (10... d6 11. f4 Nd7 12. e4 c6 13. Bf3 Qh4 14. Bd2 a6 15. b3 Bd4 16. Be1 Qf6 17. Bh4 Qxh4 18. Qxd4 {1-0 (30) Bennborn,J (2526)-Ketola,V (2469) ICCF email 2008}) 11. f4 Ng6 12. e4 Ra6 (12... d6 $14) 13. Bd3 $146 ({Predecessor:} 13. Qe1 Bb4 14. f5 Nf8 15. Bd3 Rd6 16. Bc2 Qf6 17. Bd2 Qd4 {½-½ (29) Jakubik,M (1664)-Ocko,M (1737) Stara Lubovna 2014}) 13... Qh4 14. Nd5 Rc6 ({Black should play} 14... Qd8 $1 $14) 15. Bd2 $18 b6 16. Be1 $1 {[%cal Re1h4]} Qh6 (16... Qd8 $16 {is a better defense.} 17. Qf3 Bd4) 17. Bc3 Bb4 18. Bxb4 axb4 19. Qf3 (19. a3 $18 {and White stays clearly on top.}) 19... Bb7 20. Rae1 ({Of course not} 20. Nxb4 $6 Rf6 $11) 20... Rc5 {[%cal Bc6c5,Bc5h5,Bh5h4,Bh4f4][%mdl 32]} 21. Nxb4 Rh5 22. Qg3 Rh4 {[%cal Rg6f4]} 23. Nd5 $1 Bxd5 24. exd5 Rxe1 25. Rxe1 Rxf4 26. h3 (26. Kg1 $16) 26... Nf8 27. Qe3 d6 28. b4 {Hoping for Kg1.} g5 (28... Qf6 $1 $11) 29. Rf1 ({White should try} 29. a4 $1 $16 {[%cal Ra4a5] And now a5 would win.} Nd7 30. Qe8+ Nf8 31. Qe3) 29... Ng6 (29... Qf6 $5 30. Re1 Ng6 $11) 30. Rxf4 Nxf4 31. a4 Qf6 32. Bc2 Kf8 33. Qd2 h5 (33... g4 $5) 34. a5 bxa5 35. bxa5 h4 36. Bd1 Qa1 37. Kh2 Qa3 38. Bf3 Qa1 39. c5 Qe5 {( -> ...Ne2+)} 40. Kh1 $1 dxc5 {[%cal Bd6c5,Bc5c4][%mdl 32]} 41. Qf2 $2 {[%mdl 8192]} (41. Qd1 $11 {and White is okay.} Qf6 42. Qb1) 41... Qa1+ $19 42. Kh2 Qxa5 43. Qb2 Nd3 ({Not} 43... Qe1 44. Qb8+ Kg7 45. Qxc7 $19) 44. Qh8+ Ke7 45. Be2 c4 46. Bxd3 cxd3 {[%mdl 4096] Endgame KQ-KQ} 47. Qe5+ {[#]} Kd7 $1 {aiming for ...d2.} 48. Qf5+ {[#]} Kd6 $1 49. Qf6+ $2 (49. Qxd3 Qxd5 50. Qa6+ Ke5 51. Qe2+ Kf6 52. Kg1) 49... Kc5 50. Qe7+ Kc4 51. Qe4+ Kc3 52. Qe1+ d2 {Black mates.} 53. Qe3+ Kb2 54. Qd3 Qc3 55. Qb5+ Kc1 {Precision: White = 51%, Black = 57%.} 0-1

[Event "21st Alekhine FIDE 2017"]
[Site "Voronezh"]
[Date "2017.06.14"]
[Round "3"]
[White "Arbuzov, Mikhail"]
[Black "Provkin, Vladimir"]
[Result "1/2-1/2"]
[WhiteElo "2022"]
[BlackElo "2163"]
[Annotator "TA"]
[PlyCount "52"]
[EventDate "2017.??.??"]
[EventType "swiss"]
[EventCountry "RUS"]
[SourceTitle "playchess.com"]
[Source "ChessBase"]
[SourceQuality "1"]

{[%evp 15,52,30,27,19,27,25,29,30,49,9,47,0,0,0,7,-15,-8,0,50,23,79,80,116,116,102,119,273,264,231,142,149,145,127,0,131,0,131,0,127]} 1. d4 Nf6 2. c4 g6 3. f3 d6 4. e4 a6 5. Nc3 Bg7 6. Be3 c6 7. a4 a5 8. Bd3 Na6 9. Nge2 {E80: King's Indian: Sämisch: Lines without early ...0-0} O-O 10. O-O Nd7 11. Qd2 {White has an edge.} Nb4 12. f4 $146 ({Predecessor:} 12. Rad1 c5 13. Bb1 cxd4 14. Nxd4 Nc5 15. Qe2 Bd7 16. Ndb5 Qc8 {½-½ (55) Sakaev,K (2664)-Jobava,B (2566) Dubai 2003}) 12... e5 13. fxe5 dxe5 14. d5 Qe7 15. Bc2 Nf6 16. h3 cxd5 17. cxd5 {[%cal Bc4d5,Bd5d6][%mdl 32]} Bd7 (17... Nxc2 $11 18. Qxc2 Bd7) 18. Bb3 $16 Ne8 {[#]} 19. d6 $1 {[%cal Rd6e7]} Qd8 20. Bg5 $36 {[%mdl 2048] Black is under strong pressure.} Bf6 $2 (20... Nf6 $16 21. Rad1 Qb6+ 22. Kh1 Be6) 21. Rxf6 $18 Nxf6 22. Rf1 Qb6+ 23. Be3 {[%mdl 1024] White has strong compensation.} Qd8 24. Bg5 Qb6+ 25. Be3 Qd8 26. Bg5 Qb6+ {Precision: White = 60%, Black = 29%.} 1/2-1/2

[Event "21st Alekhine FIDE 2017"]
[Site "Voronezh"]
[Date "2017.06.14"]
[Round "3"]
[White "Moiseenko, Andrey"]
[Black "Khajrutdinov, Ildar"]
[Result "0-1"]
[WhiteElo "2010"]
[BlackElo "2087"]
[Annotator "NA RC"]
[PlyCount "110"]
[EventDate "2017.??.??"]
[EventType "swiss"]
[EventCountry "RUS"]
[SourceTitle "playchess.com"]
[Source "ChessBase"]
[SourceQuality "1"]
[TimeControl "40/5400+30:1800+30"]

{[%evp 8,110,47,38,27,35,32767,42,52,32767,32767,32767,35,35,43,37,32767,16,0,26,27,29,23,35,18,27,27,31,27,-81,77,49,63,45,25,0,0,0,80,20,85,79,104,81,88,43,60,67,67,31,62,58,63,57,33,18,20,36,70,58,76,72,75,71,85,81,207,183,139,128,138,32767,32767,32767,172,-195,-158,32767,32767,32767,32767,32767,32767,32767,32767,32767,32767,32767,32767,-520,-750,-530,-485,-1011,-310,-2172,-1624,-10804,-29972,-29972,-29977,-29978,-29959,-29981,-29977]} 1. d4 {[%emt 0:05:05]} d5 {[%emt 0:00:07]} 2. c4 {[%emt 0:00:05]} c6 {[%emt 0:00:07]} 3. Nf3 {[%emt 0:00:05]} Nf6 {[%emt 0:00:05]} 4. e3 {[%emt 0:00:03]} Bf5 {[%emt 0:02:25]} 5. Nc3 {[%emt 0:00:06]} e6 {[%emt 0:00:13]} 6. Nh4 {[%emt 0:00:05]} Bg4 {[%emt 0:01:43]} 7. Qb3 {[%emt 0:02:18]} Qc7 {[%emt 0:01:07] LiveBook: 89 Games} 8. h3 {[%emt 0:02:04] D12: Slav Defence: 3 Nf3 Nf6 4 e3 Bf5} (8. Bd2 Bh5 9. Rc1 dxc4 10. Bxc4 Be7 11. h3 Qb6 12. g3 Nbd7 13. O-O Nd5 14. Ng2 Bg6 15. f3 O-O {½-½ (48) Aronian,L (2781)-Vallejo Pons,F (2705) Linares 2010}) 8... Bh5 {[%emt 0:00:13]} 9. g4 {[%emt 0:00:06]} Bg6 {[%emt 0:00:14]} 10. Nxg6 {[%emt 0:01:16]} hxg6 {[%emt 0:00:13]} 11. g5 {[%emt 0:00:21]} Nfd7 {[%emt 0:07:04]} 12. f4 $146 {[%emt 0:23:04]} ({Predecessor:} 12. e4 dxe4 13. Nxe4 e5 14. Be3 Na6 15. Bg2 exd4 16. Bxd4 {1-0 (41) Vaganian,R (2640)-Gagunashvili,M (2567) Mallorca 2004}) 12... Nb6 {[%emt 0:17:56]} 13. c5 {[%emt 0:17:57]} Nc8 {[%emt 0:02:32]} 14. Qa4 {[%emt 0:01:12]} Nd7 {[%emt 0:20:53]} 15. b4 {[%emt 0:01:29]} Ne7 {[%emt 0:01:25]} 16. Bd3 {[%emt 0:06:54]} Nf5 {[%emt 0:08:46]} 17. Bd2 {[%emt 0:07:20]} Be7 {[%emt 0:02:24]} 18. O-O-O {[%emt 0:01:31]} (18. Bxf5 $11 gxf5 19. Kf2) 18... f6 $2 {[%emt 0:07:55]} (18... b6 $17 {and life is bright.}) 19. gxf6 {[%emt 0:06:10]} gxf6 {[%emt 0:01:16]} 20. Rdg1 {[%emt 0:00:05]} Kf7 {[%emt 0:00:20]} 21. Qc2 {[%emt 0:00:58]} (21. h4 $5) 21... Rh6 {[%emt 0:02:18]} 22. Nd1 {[%emt 0:02:26]} (22. h4 $5 {[%cal Rh4h5]} Rah8 23. Be1 $11) 22... b5 {[%emt 0:03:34]} (22... Rah8 $11) 23. Kb2 {[%emt 0:01:47]} ({White should try} 23. Nf2 $16) 23... Rah8 {[%emt 0:00:21]} 24. Nf2 {[%emt 0:00:06]} Qc8 {[%emt 0:04:19]} 25. a4 {[%emt 0:02:41]} a6 {[%emt 0:01:30]} 26. axb5 {[%emt 0:00:26]} axb5 {[%emt 0:00:02]} 27. Ra1 {[%emt 0:00:40]} Qb7 {[%emt 0:00:40]} 28. Ra3 {[%emt 0:01:36]} Ra8 {[%emt 0:04:16]} 29. Rxa8 {[%emt 0:00:28]} Qxa8 {[%emt 0:00:02]} 30. Ra1 {[%emt 0:00:01]} Qb7 {[%emt 0:00:37]} 31. Kc3 {[%emt 0:01:54]} Rh8 {[%emt 0:00:47]} 32. Qa2 {[%emt 0:00:29]} Rb8 {[%emt 0:00:42]} 33. Qa7 {[%emt 0:02:51]} Ke8 {[%emt 0:04:00]} 34. Ra6 {[%emt 0:02:20]} Qxa7 {[%emt 0:00:39]} 35. Rxa7 {[%emt 0:00:01]} Kd8 {[%emt 0:00:35]} 36. e4 {[%emt 0:01:46]} Nh4 {[%emt 0:00:44]} (36... dxe4 $16 {is a better defense.} 37. Bxe4 (37. Nxe4 Kc8 $16) 37... Rc8) 37. exd5 {[%emt 0:00:42]} exd5 {[%emt 0:00:17] [#]} 38. Ng4 {[%emt 0:01:07]} ({Better is} 38. f5 $1 $18 {[%cal Rf5g6]} g5 39. Ng4) 38... f5 {[%emt 0:03:51]} 39. Ne5 {[%emt 0:00:20]} Nxe5 {[%emt 0:00:09]} 40. fxe5 {[%emt 0:00:01]} Rc8 {[%emt 0:31:23]} 41. Rxe7 $2 {[%emt 0:35:05]} (41. Be2 $16 {keeps the pressure on.}) 41... Kxe7 {[%emt 0:00:03]} 42. Bg5+ {[%emt 0:00:05]} Ke6 {[%emt 0:00:26]} 43. Bxh4 {[%emt 0:00:01]} Rh8 {[%emt 0:00:14]} 44. Bg5 {[%emt 0:02:47]} Rxh3 {[%emt 0:00:10]} 45. Kd2 {[%emt 0:00:03]} Rh2+ {[%emt 0:00:59]} 46. Kc3 {[%emt 0:00:58]} Rg2 {[%emt 0:00:11]} 47. Bd8 {[%emt 0:02:42]} g5 {[%emt 0:01:17]} 48. Bf1 {[%emt 0:00:15]} Rg1 {[%emt 0:00:19]} 49. Be2 {[%emt 0:00:16]} g4 {[%emt 0:00:14]} 50. Kd2 {[%emt 0:00:26]} (50. Bg5 $142 g3 51. Be3) 50... f4 $2 {[%emt 0:00:40]} (50... g3 51. Bg5 g2) 51. Bg5 $2 {[%emt 0:01:28]} (51. Bh4) 51... f3 {[%emt 0:01:14]} 52. Bd3 {[%emt 0:00:02]} f2 {[%emt 0:00:59]} 53. Bh4 {[%emt 0:01:50]} f1=Q {[%emt 0:00:19]} 54. Bxf1 {[%emt 0:00:01]} Rxf1 {[%emt 0:00:10]} 55. Ke3 {[%emt 0:00:07]} Kf5 {[%emt 0:01:04]} 0-1